Multiple Word Cities (US) Quiz Stats

 Plays Quiz Updated Apr 5, 2018

Support Sporcle.
Go Orange.
Score 0/25 Timer 07:00
11 Plays Today
Rank (Overall) City % Correct
1New York, New York
99%
2Los Angeles, California
94.3%
13San Francisco, California
88.3%
8San Diego, California
84%
7San Antonio, Texas
70.8%
28Las Vegas, Nevada
68.6%
49New Orleans, Louisiana
64.3%
61St. Louis, Missouri
64.2%
37Kansas City, Missouri
61.6%
64St. Paul, Minnesota
58.9%
27Oklahoma City, Oklahoma
58%
10San Jose, California
57.9%
16Fort Worth, Texas
45.9%
Rank (Overall) City % Correct
20El Paso, Texas
43.8%
99Baton Rouge, Louisiana
41%
91North Las Vegas, Nevada
36.1%
77Jersey City, New Jersey
29.8%
40Colorado Springs, Colorado
27.3%
79St. Petersburg, Florida
27.2%
43Virginia Beach, Virginia
26.8%
39Long Beach, California
22%
76Fort Wayne, Indiana
20.4%
74Chula Vista, California
18.9%
58Corpus Christi, Texas
17.2%
57Santa Ana, California
15.7%

You're not logged in!

Compare scores with friends on all Sporcle quizzes.
OR
Log In

From the Vault

Follow That Line: Finding Nemo

by Spacemaniac

When in doubt, keep swimming.
Remove Ads.
Support Sporcle.
Get the best of Sporcle when you Go Orange. This ad-free experience offers more features, more stats, and more fun while also helping to support Sporcle. Thank you for becoming a member.

Show Comments

Extras

Top Quizzes Today


Score Distribution

Your Account Isn't Verified!

In order to create a playlist on Sporcle, you need to verify the email address you used during registration. Go to your Sporcle Settings to finish the process.

Report this User

Report this user for behavior that violates our Community Guidelines.

Details: